00769nam a2200169Ia 4500001001100000003000500011008004100016010001100057040000900068100003000077245024100107260003400348300002200382502010500404700004000509710005000549Para_10003CHAP220125sJuni xx 000 0 und d a208633 cCHAP aRoldán Néstor, Ofelia aEvaluación del efecto de programas de manejo del Moho gris ( Botrytis cinerea Pers.) en precosecha en la incidencia en poscosecha en zarzamora en el estado de Michoacán /c Ofelia Rodán Néstor; Director Ángel Rebollar Alviter aChapingo, Méx. :b el autor a1 CDS ROM (69 p.) aTesis (Ing. Agr. Esp. en Parasitología Agrícola). UACh. Departamento Parasitología Agrícola aRebollar Alviter, Ángel. Director aUACh. Departamento Parasitología Agrícola